00530nam a2200193Ii 450000100060000000300090000600800410001502000150005604000330007104100080010408200150011210000200012724500550014726400410020230000120024333600260025533700280028133800270030918456CO-ViMGA241108s9999||||xx |||||||||||||| ||und|| a9586078175 aCO-ViMGAbspaerdacCO-ViMGA0 aspa04a226.5 S28c1 aAugusto Seubert10aCómo entender los mensajes del evangelio de Juan 1aBogotá, Colombia : San Pablo, 1995 avolumen atextbtxt2rdacontent aunmediatedbn2rdamedia avolumebnc2rdacarrier